Cargando...
Metal cutting and tooldesign /
| Outros autores: | |
|---|---|
| Formato: | Printed Book |
| Publicado: |
New Delhi:
Vikas,
2004.
|
| Subjects: |
| LEADER | 00546cam a2200181ua 4500 | ||
|---|---|---|---|
| 008 | 100615t2004||||||||||| 00 ||||| c | ||
| 082 | |a 621.902 |b RAN/M | ||
| 245 | 1 | 0 | |a Metal cutting and tooldesign / |
| 260 | |a New Delhi: |b Vikas, |c 2004. | ||
| 300 | |a 266p.. | ||
| 362 | 1 | |a 2004. | |
| 650 | |a Metal cutting | ||
| 650 | 0 | |a Tool design | |
| 650 | 0 | |a Engineering | |
| 700 | 0 | 2 | |a Ranganath,, B.J. |
| 942 | |c BK | ||
| 999 | |c 22344 |d 22344 | ||
| 952 | |0 0 |1 0 |4 0 |6 621_902000000000000_RAN |7 0 |9 23682 |a KUCL |b KUCL |d 2014-05-23 |l 0 |o 621.902 RAN/ |p 22805 |r 2014-05-23 |w 2014-05-23 |y BK | ||